LIBRARY & INFORMATION CENTRE, KCAET, TAVANUR

ONLINE PUBLIC ACCESS CATALOGUE (OPAC)

Praticipatory Irrigation Management: Evolution, Perception and Impact (Record no. 14388)

MARC details
000 -LEADER
fixed length control field 00372nam a22001337a 4500
020 ## - INTERNATIONAL STANDARD BOOK NUMBER
ISBN 9788121210942
082 ## - DEWEY DECIMAL CLASSIFICATION NUMBER
Classification number 631.587
Item number NAR/PA
100 ## - MAIN ENTRY--AUTHOR NAME
Personal name Narayanamoorthy,A.
100 ## - MAIN ENTRY--AUTHOR NAME
Personal name Kalamkar,S.S.
245 ## - TITLE STATEMENT
Title Praticipatory Irrigation Management: Evolution, Perception and Impact
260 ## - PUBLICATION, DISTRIBUTION, ETC. (IMPRINT)
Place of publication New Delhi
Name of publisher Gyan Publishing House
Year of publication 2011
300 ## - PHYSICAL DESCRIPTION
Number of Pages 250
942 ## - ADDED ENTRY ELEMENTS (KOHA)
Koha item type Books
Holdings
Withdrawn status Lost status Damaged status Collection code Home library Current library Shelving location Date acquired Source of acquisition Cost, normal purchase price Full call number Accession Number Koha item type
        KAUAET KAUAET General Stacks 27/06/2016 Scientific Book Centre Kochi 690.00 631.587 NAR/PA 23969 Books
free website counter